000 00734nam a2200253Ia 4500
003 OSt
005 20220918165714.0
006 a|||||r|||| 00| 0
007 ta
008 220917b |||||||| |||| 00| 0 eng d
020 _a8170367255 (hbk)
024 _a37,052
037 _cTextual
040 _aARTS
_cARTS
_beng
041 _2eng
_aeng
082 _aY73(P15):438:5(S).4498, N8
100 _aDaya Somasundaram
_925206
245 0 _aScarred minds
_b the psychological impact of war on Sri Lankan Tamils
260 _aNew Delhi
_bSage Pub
_c1998
300 _a353p.
_ccm.
650 _aSOCIOLOGY
942 _hY73(P15):438:5(S).4498, N8
_cTEXL
_2CC
999 _c130784
_d130784